| 000 | 01268nam a22002297a 4500 | ||
|---|---|---|---|
| 005 | 20250220114851.0 | ||
| 010 | _aHIN-129444 | ||
| 020 | _a9789364448444 | ||
| 020 | _a9364448448 | ||
| 020 | _a9789364448710 | ||
| 020 | _a9364448715 | ||
| 035 | _aHN-101790 | ||
| 037 | _bDBAD | ||
| 082 | _a327 | ||
| 100 |
_a पंत पुष्पेश _978251 |
||
| 245 |
_a21वी शताब्दी में अंतर्राष्ट्रीय संबंध / _cपुष्पेश पंत _bयूपीएससी सिविल सेवा और राज्य सेवा की परीक्षाओं हेतु _hहिंदी |
||
| 250 | _aप्रथम | ||
| 260 |
_aग्रेटर नॉएडा _bप्राइवेट. लिमिटेड., प्लाट नॉ. 26इ , सेक्टर- 31, (इंडस्ट्रियल) , साईट-4th, _c2025 |
||
| 270 |
_aप्राइवेट. लिमिटेड., प्लाट नॉ. 26इ , सेक्टर- 31, (इंडस्ट्रियल) , साईट-4th, _bग्रेटर नॉएडा _e201306 |
||
| 300 |
_a214 पृष्ठ; _c24सेमी(सजिल्द) |
||
| 942 |
_2ddc _cHN _h327 _mपंत |
||
| 999 |
_c209570 _d209570 |
||